000
00267nam a2200109Ia 4500
008
200302s9999 xx 000 0 und d
100
_a
Mantra Virtual
245
_a
An Autobiography Jawaharlal Nehru
260
_b
Penguin Group Ltd.
260
_c
2004
300
_a
655 P.,
999
_c
5884
_d
5884